Zadejstvovat' potencial rossijskogo tovaroproizvodstva! Obščij chod reform.

Rozhovor s predsedom Najvyššej ekonomickej rady pri Prezídiu najvyššieho sovietu RF. Korekcie, ktoré sa musia zaviesť do scenára reformy prijatého v januári 1992. Stanovisko ku koncepčným chybám v makropolitike vedúcim k súčasnému neutešenému stavu. Náčrt nových smerov ekonomickej politiky umožňujúc...

ver descrição completa

Na minha lista:
Detalhes bibliográficos
Autor principal: Ispravnikov, V.O
Formato: Capítulo de Livro
Idioma:russo
Assuntos:
Tags: Adicionar Tag
Sem tags, seja o primeiro a adicionar uma tag!

MARC

LEADER 00000naa a2200000 4500
001 r011584
005 20221208123151.5
041 0 |a rus 
044 |a [SU] 
245 1 0 |a Zadejstvovat' potencial rossijskogo tovaroproizvodstva!  |b Obščij chod reform.  |c V.O. Ispravnikov 
520 |a Rozhovor s predsedom Najvyššej ekonomickej rady pri Prezídiu najvyššieho sovietu RF. Korekcie, ktoré sa musia zaviesť do scenára reformy prijatého v januári 1992. Stanovisko ku koncepčným chybám v makropolitike vedúcim k súčasnému neutešenému stavu. Náčrt nových smerov ekonomickej politiky umožňujúcich zosúladenie záujmov vedenia štátnych podnikov, súkromných a kolektívnych podnikateľov, rád pracujúcich a odborov. 
610 2 0 |a reformy hospodárske 
610 2 0 |a Rusko 
610 2 0 |a politika hospodárska 
610 2 0 |a podnik štátny 
610 2 0 |a podnik súkromný 
610 2 0 |a podnikatelia 
610 2 0 |a odbory 
100 1 |a Ispravnikov, V.O.